|
|
|
|
| LEADER |
01009nam a2200277 a 4500 |
| 001 |
c000324334 |
| 003 |
CARM |
| 005 |
00000000000000.0 |
| 008 |
740410s1967 nju b 00000 eng |
| 019 |
1 |
|
|a 669492
|z 22610654
|z 23891275
|5 LACONCORD2021
|
| 035 |
|
|
|a (OCoLC)186141
|5 LACONCORD2021
|
| 040 |
|
|
|d SL
|
| 050 |
0 |
0 |
|a LB2157.A3
|b R3
|
| 245 |
0 |
0 |
|a Studying teaching /
|c [edited by] James Raths, John R. Pancella, James S. Van Ness.
|
| 260 |
|
|
|a Englewood Cliffs, N.J. :
|b Prentice-Hall,
|c 1967.
|
| 300 |
|
|
|a xviii, 490 p. ;
|c 24 cm.
|
| 504 |
|
|
|a Includes bibliographical references.
|
| 650 |
|
0 |
|a Student teaching.
|
| 650 |
|
0 |
|a Teaching
|x Methodology.
|
| 700 |
1 |
|
|a Raths, James.
|
| 700 |
1 |
|
|a Pancella, John R.,
|
| 700 |
1 |
|
|a Van Ness, James S.,
|
| 852 |
8 |
|
|b CARM
|h A1:AL23B0
|i B10240
|p 0436637
|f BK
|
| 082 |
0 |
4 |
|a 371.3
|
| 999 |
f |
f |
|i c54b46ce-63e8-52cd-8993-98d149b62db5
|s 5d757a7e-551e-50f6-9d26-d856b82ac456
|
| 952 |
f |
f |
|p Can circulate
|a CAVAL
|b CAVAL
|c CAVAL
|d CARM 1 Store
|e B10240
|f A1:AL23B0
|h Other scheme
|i book
|m 0436637
|